|
|
|
|
| LEADER |
00000nam1a2200000 4500 |
| 001 |
267207 |
| 005 |
20231101234050.0 |
| 020 |
|
|
|a RU
|b 87-17616
|
| 035 |
|
|
|a (RuTPU)RU\TPU\book\290261
|
| 090 |
|
|
|a 267207
|
| 100 |
|
|
|a 20140724d1987 k y0rusy5003 ca
|
| 101 |
0 |
|
|a rus
|
| 200 |
1 |
|
|a Прогнозирование надежности микроэлектронной аппаратуры на основе БИС
|f Г. А. Кейджян
|
| 210 |
|
|
|a Москва
|c Радио и связь
|d 1987
|
| 215 |
|
|
|a 152 с.
|c ил.
|
| 320 |
|
|
|a Библиогр.: с. 148-149.
|
| 606 |
1 |
|
|a Микроэлектроника
|x Надежность
|2 stltpush
|3 (RuTPU)RU\TPU\subj\43812
|9 63254
|
| 610 |
1 |
|
|a микроэлектронная аппаратура
|
| 610 |
1 |
|
|a МЭА
|
| 610 |
1 |
|
|a большие интегральные схемы
|
| 610 |
1 |
|
|a прогнозирование
|
| 610 |
1 |
|
|a базовые элементы
|
| 610 |
1 |
|
|a испытания
|
| 610 |
1 |
|
|a расчет
|
| 610 |
1 |
|
|a разработки
|
| 610 |
1 |
|
|a повышение
|
| 675 |
|
|
|a 621.382.049.77.019.3
|v 3
|
| 700 |
|
1 |
|a Кейджян
|b Г. А.
|g Геворк Акопович
|
| 801 |
|
0 |
|a RU
|b RuMRKP
|c 19950417
|g psbo
|
| 801 |
|
1 |
|a RU
|b 63413507
|c 20140724
|
| 801 |
|
2 |
|a RU
|b 63413507
|c 20151102
|g RCR
|
| 942 |
|
|
|c BK
|